000 002990000a22001450004500
003 MACL
040 _aMACL
090 _c33687
_d33685
100 _aBrogden, Bill
245 _aJava 2
260 _bDreamtech Press
_c2000
350 _a149
650 _aComputer probraming
942 _cBOOK
_k005/Bro
999 _c33336
_d33336